000 00921nam a2200217 a 4500
001 000041246
005 20201002034726.0
008 130927s1999 sp 000 0 spa d
020 _a840007968X
040 _aDO-SdBNP
_bspa
_cBNPHU
100 1 _aRuiz Samaniego, Joseph.
_967835
245 1 0 _aVísperas /
_cJoseph Ruiz Samaniego (fl. 1653-1670) ; estudio y edición, Luis Antonio González Marín.
260 _aBarcelona :
_bConsejo Superior de Investigaciones Científicas,
_c1999.
300 _a22, 264 p. : partituras ;
_c32 cm.
490 1 _aMonumentos de la Música Española ;
_v57
500 _aIncluye referencias bibliográficas y notas al pie de las páginas
700 1 _aGonzález Marín, Luis Antonio, ed. lit.
_967836
710 2 _aConsejo Superior de Investigaciones Científicas,
_94786
710 2 _aInstitución "Milà i Fontanals
_967837
830 0 _aMonumentos de la Música Española ;
_v57
_965588
999 _c40736
_d40736